000 00933nam0a2200277 4500
001 RU\NLR\bibl\1134964
005 20250615072253.0
021 _aRU
_b2007-55428
_92949
035 _a(NLR Aleph) 001121852
090 _a1303117
_c1303117
100 _a20071002d2007 |||y0rusy50 ca
101 0 _arus
102 _aRU
105 _ay |||||||||
200 1 _aАкафист святой мученице Татиане
_eпразднование 12/25 января
210 _aМосква
_cиздание Сретенского монастыря
_d2007
215 _a32 с.
_d17
600 0 _aТатиана
_cсвятая
_f200 - ок. 225
_jАкафисты
_92063117
_3RU\NLR\AUTH\661237466
686 2 _aЭ372.24-507.12
801 0 _aRU
_bNLR
_c20071002
_gRCR
801 1 _aRU
_bNLR
_c20071002
942 _cBOOK
980 _aNB